Los desafíos de la reforma del Estado en los programas sociales: tres estudios de caso /

Uloženo v:
Podrobná bibliografie
Hlavní autor: Cohen, Ernesto
Další autoři: Tapia, Leonel, Navarrete, Cecilia, Gil, Carlos, Fanta, Gloria
Médium: Text
Tagy: Přidat tag
Žádné tagy, Buďte první, kdo vytvoří štítek k tomuto záznamu!

MARC

LEADER 00000 a a2200000 04500
001 48134
003
040
090 |a REV1291 (45) 2001  
100 |a Cohen, Ernesto  
245 |a Los desafíos de la reforma del Estado en los programas sociales:   |b tres estudios de caso /  |c Ernesto Cohen, Leonel Tapia, Cecilia Navarrete, Carlos Gil, Gloria Fanta  
700 |a Tapia, Leonel  
700 |a Navarrete, Cecilia  
700 |a Gil, Carlos  
700 |a Fanta, Gloria  
773 |g número45, (2001), 73 páginas  
999 |c 28304  |d 28304